000 01462cam a22004214i 4500
003 PE-LiUPU
005 20250731173200.0
008 150623s1992 sp r 000 0 spa d
035 _a(Sirsi) a29955
040 _aPE-LiUPU
_bspa
_cPE-LiUPU
_erda
049 _aPRUA
082 0 4 _a200.004
_bT73
_221
100 1 _aTorres Queiruga, Andrés,
_eautor.
245 1 0 _a10 Palabras claves en Religión /
_cAndrés Torres Queiruga.
246 3 _aDiez Palabras claves en Religión
264 1 _aNavarra :
_bEditorial Verbo Divino,
_c1992.
300 _a365 páginas ;
_c22 centímetros
336 _atext
_2rdacontent
337 _aunmediated
_2rdamedia
338 _avolume
_2rdacarrier
505 0 _aDios -- Sagrado -- Creacion -- Salvacion -- Mal -- Revelacion -- Fe -- Biblia -- Cristianismo -- Iglesia.
526 _aSEG42
526 _aSEG41
526 _aSEG40
526 _aSEG39
526 _aP94
526 _aP87
526 _aP86
526 _aP85
526 _aP77
526 _aP76
526 _aP35
942 _2ddc
_cBOOK
949 _a200.004 T73
_wDEWEY
_c1
_i38684
_lCCODEBUL1
_mBUL
_p00.00
_r0
_sY
_tBOOK
_u2015-06-24
_xBIBLIOTECA
_zUNKNOWN
_0COMPRA
_o.STAFF. Colección General
596 _a1
999 _a200.004 T73
_wDEWEY
_c37361
_i38684
_d37361
_f2021-11-9
_g5
_lCCODEBUL1
_mBUL
_p15.00
_q1
_r0
_sY
_tBOOK
_u2015-6-24
_xTEOLOGIA
_PP35
_0COMPRA
_o.STAFF. Colección Teología
980 _81
_gALBERTO SANCHEZ Responsable de Automatización